000 00592nam a22001937a 4500
005 20220708162128.0
008 220708b ||||| |||| 00| 0 eng d
040 _cAL
041 _aEnglish
082 _223
_a327.51
_bBHUC
100 _aShashi Bhushan
_947826
245 _aChina: The Myth of a Super Power
260 _aNew Delhi
_bProgressive Peoples Sector Publications Private Ltd
_c1976
300 _a216 p.
_bHB
_c22.5x13.5 cm.
365 _b₹65.00
_c
_d₹65.00
650 _aChina--Foreign relations--1949-1976
_947827
700 _aBHUSHAN (Shashi)
_947828
942 _2ddc
_cGF
999 _c223663
_d223663